| 000 | 01257nab a2200265 a 4500 | ||
|---|---|---|---|
| 005 | 20251205111005.0 | ||
| 008 | 991125c2013 sp ar p o 000 0 spa d | ||
| 035 | _aUPN01000207109 | ||
| 040 |
_aMX-MxUPN _bspa _cMX-MxUPN _eaacr2 |
||
| 049 | _aART-E | ||
| 100 | 1 | _aMoreno Moreno, Macarena | |
| 100 | 1 | _unarecama13@yahoo.es | |
| 245 | 1 | 3 | _aLa artesanía de los muñecos llevada a la escuela |
| 506 | 0 | _aAcceso abierto | |
| 520 | 3 | _aEste artículo recoge la experiencia de llevar la práctica de la artesanía al aula. Realizamos muñecos y adornos de lana y fieltro en una escuela pública de Guadalajara con una artesana de la zona. Así mismo hacemos un recorrido por las artistas que trabajaron muñecos y por la importancia del trabajo con las manos y la dramatización en la educación. | |
| 650 | 2 |
_aTíteres y teatro de títeres _920000 |
|
| 650 | 2 |
_aArtesanías _92069 |
|
| 653 | 0 | _aDramatización | |
| 653 | 0 | _aExperiencia en el aula | |
| 773 |
_gVol. 8 (2013), p. 107-122 _tArteterapia. Papeles papeles de arteterapia y educación artística para la inclusión social _x1988-8309 |
||
| 856 | 4 | _uhttps://revistas.ucm.es/index.php/ARTE/article/view/44440 | |
| 902 | _aGloria Jiménez/121125 | ||
| 905 | _aArticulo | ||
| 942 | _cART-E | ||
| 999 |
_c179210 _d179210 |
||